000 00593nam a2200205Ia 4500
001 11205
003 GE_BSU
008 181216s||||||||xx |||||||||||||| ||und||
040 _cGE_BSU
080 _a663.2(075.8)
100 _aავალიანი, შალვა
245 _aღვინის ტექნოლოგია
245 _cრედ: გ. ბერიძე
260 _aთბილისი.
260 _bცოდნა
260 _c1960
300 _a424გვ.25სმ. ილ.
653 _aღვინის ტექნოლოგია
942 _cBK
999 _c44436
_d44436